Państwa produkujące najwięcej kauczuku naturalnego - Statystyki

Ogólne statystyki
  • Ten quiz został rozwiązany 16 razy
  • Średni wynik to 12 z 15
Statystyki odpowiedzi
Tony (tys.) Kraj % Poprawnych
250,2 Brazylia
100%
843,0 Chiny
100%
843,0 Indie
100%
3 135,3 Indonezja
100%
1 339,5 Wietnam
100%
415,8 Filipiny
93%
288,4 Laos
93%
394,7 Kambodża
87%
4 825,9 Tajlandia
87%
299,6 Mjanma
80%
377,1 Malezja
73%
117,0 Ghana
53%
149,4 Nigeria
53%
1 286,0 Wybrzeże Kości Słoniowej
53%
111,3 Gwatemala
20%
Nie znaleziono quizów pasujących do podanych kryteriów
Rozkład punktacji
Procent ludzi z każdym wynikiem
Percentyl według liczby udzielonych odpowiedzi
Twoja historia wyników
Nie rozwiązałeś tego quizu